| 000 | 00590nam a2200205Ia 4500 | ||
|---|---|---|---|
| 003 | SISC | ||
| 005 | 20170116144730.0 | ||
| 008 | 140321s9999 xx 000 0 und d | ||
| 020 | _a9789719905103 | ||
| 050 |
_aHB 172 _b.P14 2011 |
||
| 100 | _aPagaduan, Martina B. | ||
| 245 |
_aMicroeconomics : _bprice theory / _cMartina B. Pagaduan. |
||
| 260 |
_aManila : _bMindshapers, _c2011. |
||
| 300 |
_a97 pages. : _c23 cm. |
||
| 500 | _aIncludes bibliographical references. | ||
| 650 | _aMicroeconomics. | ||
| 650 |
_aPrice Analysis _xPhilippines. |
||
| 942 |
_kLOC _cBK _2lcc |
||
| 999 |
_c48416 _d48416 |
||